<?xml version="1.0" encoding="UTF-8"?>
<collection xmlns:xsi="http://www.w3.org/2001/XMLSchema-instance" xsi:schemaLocation="http://www.loc.gov/MARC21/slim http://www.loc.gov/standards/marcxml/schema/MARC21slim.xsd" xmlns="http://www.loc.gov/MARC21/slim">
 <record>
  <leader>00000caa a22000003i 4500</leader>
  <controlfield tag="001">UP-1685594773861970594</controlfield>
  <controlfield tag="003">Buklod</controlfield>
  <controlfield tag="005">20140930151558.0</controlfield>
  <controlfield tag="006">g||| |     ||   ||</controlfield>
  <controlfield tag="007">ta</controlfield>
  <controlfield tag="008">140930s2014    xx     d     r    |||| u|</controlfield>
  <datafield tag="035" ind1=" " ind2=" ">
   <subfield code="a">(iLib)UPBAG-00014980320</subfield>
  </datafield>
  <datafield tag="090" ind1=" " ind2=" ">
   <subfield code="a">Cordillera Periodicals</subfield>
  </datafield>
  <datafield tag="245" ind1="1" ind2="0">
   <subfield code="a">Position paper of indigenous women on corporate energy projects and human rights, Cordillera Region.</subfield>
  </datafield>
  <datafield tag="264" ind1=" " ind2="1">
   <subfield code="c">2014.</subfield>
  </datafield>
  <datafield tag="300" ind1=" " ind2=" ">
   <subfield code="a">pages 26-27</subfield>
   <subfield code="b">illustrations.</subfield>
  </datafield>
  <datafield tag="650" ind1=" " ind2="0">
   <subfield code="a">Indigenous women</subfield>
   <subfield code="z">Philippines</subfield>
   <subfield code="z">Cordillera Region.</subfield>
  </datafield>
  <datafield tag="650" ind1=" " ind2="0">
   <subfield code="a">Electric power plants</subfield>
   <subfield code="z">Philippines</subfield>
   <subfield code="z">Cordillera Region.</subfield>
  </datafield>
  <datafield tag="650" ind1=" " ind2="0">
   <subfield code="a">Human rights</subfield>
   <subfield code="z">Philippines</subfield>
   <subfield code="z">Cordillera Region.</subfield>
  </datafield>
  <datafield tag="773" ind1="0" ind2="8">
   <subfield code="a">Chaneg</subfield>
   <subfield code="o">v. 23, no. 1</subfield>
   <subfield code="d">March 2014.</subfield>
  </datafield>
  <datafield tag="852" ind1="0" ind2=" ">
   <subfield code="a">UPBAG</subfield>
   <subfield code="b">UPBAG-MAIN</subfield>
   <subfield code="h">CORDILLERA PERIODICALS</subfield>
  </datafield>
  <datafield tag="942" ind1=" " ind2=" ">
   <subfield code="a">Analytics</subfield>
  </datafield>
 </record>
</collection>
